00406nam a2200145Ia 4500003000400000008004100004040001600045082001300061100002300074245005900097260004800156300001000204650001300214650003300227GCL140319s9999 xx 000 0 eng d aGCL / cGCL04a616bK E1 aKELLEY, WILLIAM N.10aESSENTIALS OS INTERNAL MEDICINE / cKELLEY, WILLIAM N. a[S.N] : bJ. B LIPPINCOTT COMPANY ، c1994 a826 P04aMEDICINE04aINTERNAL MEDICINE, HANDBOOKS